| 000 | 00537nam a22001811a 4500 | ||
|---|---|---|---|
| 001 | 18731 | ||
| 003 | OSt | ||
| 005 | 20260204212420.0 | ||
| 008 | 180524s2017||||ck ||||||b||||||||||spa|| | ||
| 020 | _a9789589130049 | ||
| 082 | _a628.1 R535b | ||
| 100 | _aRichter,Brian | ||
| 245 | _aEn busca del agua:una guía para pasar de la escasez a la sostenibilidad/Brian Richter | ||
| 264 | _aBogotá:Lemoine Editores | ||
| 300 | _a180 | ||
| 650 | _aAbastecimiento de agua 2.Conservación del agua 3.Desarrollo sostenibleÌ | ||
| 942 |
_2ddc _cBK |
||
| 999 |
_c18731 _d18731 |
||